Guess the Figure Skater - Statistics

General Stats
  • This quiz has been taken 75 times
    58 since last reset
  • The average score is 7 of 10
Answer Stats
Hint Answer % Correct
First person to ever land the quad axel Ilia Malinin
81%
Known for doping at the Olympics at just 15, known for her artistry as well Kamila Valieva
79%
Red-haired silver medalist of the Beijing Olympics Aleksandra Trusova
77%
Known for his artistry, Japanese skater who retired in July of 2022 Yuzuru Hanyu
77%
Gold medalist of the Beijing Olympics, known for her soft features Anna Scherbakova
74%
Known for doping Kamila Valieva, abusive russian coach Eteri Tutberidze
64%
This coach's students are known as the angels of ------- Evgeni Plushenko
60%
Margot Robbie played this figure skater in the movie "I, ____." Tonya Harding
57%
First woman to land the triple axel Midori Ito
49%
Known for her famous backflip, was treated inferior because of her skin color Surya Bonaly
47%
No matching quizzes found
Score Distribution
Percent of People with Each Score
Percentile by Number Answered
Your Score History
You have not taken this quiz since the last reset